Skytrax top 100 airlines 2022 - Statistics

General Stats
  • This quiz has been taken 149 times
  • The average score is 68 of 100
Answer Stats
Hint Answer Country % Correct
2 Singapore Airlines Singapore
100%
8 Air France France
99%
3 Emirates United Arab Emirates
99%
5 Qantas Airways Australia
99%
1 Qatar Airways Qatar
99%
7 Turkish Airlines Turkey
99%
11 British Airways United Kingdom
98%
6 Japan Airways Japan
98%
46 Thai Airways Thailand
98%
9 Korean Air South Korea
96%
15 Lufthansa Germany
96%
10 Swiss Airlines Switzerland
96%
17 KLM Netherlands
95%
60 United Airlines United States
95%
68 American Airlines United States
94%
42 China Airways China
94%
24 Delta Airlines United States
94%
50 Air Canada Canada
93%
4 ANA All Nippon Airways Japan
93%
21 Finnair Finland
91%
26 Ethiopian Airways Ethiopia
90%
25 Iberia Spain
90%
30 Air New Zealand New Zealand
88%
13 China Southern Airlines China
88%
44 Malaysia Airlines Malaysia
86%
67 TAP Portugal Portugal
86%
16 Cathay Pacific Airways China (Hong Kong)
85%
12 Etihad Airways United Arab Emirates
85%
81 Kenya Airways Kenya
84%
96 China Eastern Airlines China
83%
36 Fiji Airways Fiji
83%
48 Vietnam Airlines Vietnam
83%
32 Austrian Airlines Austria
81%
40 Ryanair Ireland
81%
28 Aegean Airlines Greece
80%
18 EVA air Taiwan
80%
47 LATAM Chile
80%
84 Norwegian Norway
80%
35 Southwest Airlines United States
80%
54 Aer Lingus Ireland
79%
37 Oman Air Oman
79%
64 SAS Scandinavian Sweden
78%
79 South African Airways South Africa
78%
31 Garuda Indonesia Indonesia
76%
83 Air Malta Malta
75%
73 LOT Polish Poland
75%
19 Virgin Atlantic United Kingdom
75%
95 Egyptair Egypt
74%
33 Asiana Airlines South Korea
73%
75 Brussels Airlines Belgium
73%
55 EasyJet United Kingdom
73%
41 JetBlue Airways United States
73%
66 Royal Air Maroc Morocco
73%
22 Gulf air Bahrain
71%
14 Hainan Airlines China
71%
39 WestJet Canada
71%
52 Azerbaijan Airlines Azerbaijan
70%
45 IndiGo India
70%
77 Philippine Airlines Philippines
69%
27 AirAsia Malaysia
68%
88 Air Mauritius Mauritius
68%
59 Alaska Airlines United States
68%
76 Kuwait Airways Kuwait
68%
98 ITA Airways Italy
66%
70 airBaltic Latvia
64%
69 Hong Kong Airlines China (Hong Kong)
63%
53 Royal Brunei Airlines Brunei
61%
38 Air Astana Kazakhstan
60%
92 Air Serbia Serbia
60%
87 Copa Airways Panama
60%
57 Jetstar Airways Australia
60%
80 flyDubai United Arab Emirates
59%
43 Virgin Australia Australia
59%
94 Avianca Colombia
58%
63 Eurowings Germany
56%
65 Hawaiian Airlines United States
55%
51 Vueling Spain
54%
93 Wizz Air Hungary
54%
78 Air Arabia United Arab Emirates
53%
29 Scoot Singapore
50%
34 Saudi Arabian Airlines Saudi Arabia
48%
49 Azul Airlines Brazil
45%
23 Bangkok Airways Thailand
45%
74 Air Transat Canada
41%
56 Jet2 United Kingdom
40%
62 Peach Japan
39%
20 Vistara India
38%
86 TUI airways United Kingdom
36%
72 Rex Airlines Australia
30%
82 Air Canada rouge Canada
24%
58 Flynas Saudi Arabia
21%
85 Sky Airline Chile
21%
61 Sun Express Turkey
19%
90 American Eagle United States
18%
91 Citilink Indonesia
18%
97 Air Dolomiti Italy
14%
71 Jetstar Asia Singapore
14%
89 JetSmart Chile
10%
99 LEVEL Spain
8%
100 Buta Airways Azerbaijan
3%
No matching quizzes found
Score Distribution
Percent of People with Each Score
Percentile by Number Answered
Your Score History
You have not taken this quiz